Alle PDC Darts Turniersieger 2020 - Statistiken

Allgemein
  • Dieses Quiz wurde 108 mal gespielt
  • Das Durchschnittsergebnis liegt bei 33 aus 37
Antwortstatistiken
Turnier Land Dartsspieler % Korrekt
PDPA Players Championship 1 Schottland Gary Anderson
99%
PDPA Players Championship 6 Wales Gerwyn Price
99%
Belgian Championship Wales Gerwyn Price
99%
PDPA Players Championship 17 Wales Gerwyn Price
99%
PDPA Players Championship 18 Wales Gerwyn Price
99%
World Series Darts Finals Wales Gerwyn Price
99%
World Grand Prix Wales Gerwyn Price
99%
PDPA Players Championship 21 Wales Gerwyn Price
99%
UK Open Niederlande Michael van Gerwen
99%
PDPA Players Championship 9 Niederlande Michael van Gerwen
99%
PDPA Players Championship 11 Niederlande Michael van Gerwen
99%
PDPA Players Championship 16 Niederlande Michael van Gerwen
99%
Players Championship Finals Niederlande Michael van Gerwen
99%
World Darts Championship Schottland Peter Wright
99%
The Masters Schottland Peter Wright
99%
PDPA Players Championship 5 Schottland Peter Wright
99%
PDPA Players Championship 13 Schottland Peter Wright
99%
PDPA Players Championship 14 Schottland Peter Wright
99%
European Darts Championship Schottland Peter Wright
99%
PDPA Players Championship 22 Schottland Peter Wright
99%
World Matchplay Belgien Dimitri van den Bergh
95%
PDC European Darts Grand Prix Portugal Jose de Sousa
94%
Grand Slam Of Darts Portugal Jose De Sousa
94%
PDPA Players Championship 4 Polen Krzysztof Ratajski
88%
PDPA Players Championship 19 England Michael Smith
88%
PDPA Players Championship 20 England Michael Smith
88%
PDPA Players Championship 15 Australien Damon Heta
86%
PDC German Darts Championship Südafrika Devon Petersen
78%
PDPA Players Championship 12 England James Wade
78%
PDC International Darts Open England Joe Cullen
78%
PDPA Players Championship 23 England Joe Cullen
78%
PDPA Players Championship 2 England Nathan Aspinall
77%
PDPA Players Championship 7 England Nathan Aspinall
77%
Premier League England Glen Durrant
68%
PDPA Players Championship 3 England Ryan Searle
55%
PDPA Players Championship 8 England Ian White
39%
PDPA Players Championship 10 England Ryan Joyce
19%
Keine übereinstimmenden Quizze gefunden
Verteilung der Resultate
Anzahl Personen mit jedem Resultat
Perzentil nach korrekt beantworteten Fragen
Ihre Resultats-Entwicklung
Sie haben dieses Quiz noch nicht gespielt